00812nam a2200217Ia 4500001000900000003000500009005001700014008004100031010001100072020002200083040000900105082002400114110007400138245009500212260003900307300001100346503000700357650003500364650003500399710016000434dia_6507CHAP20251021160304.0220117s2015 xx 000 0 und d a178819 a978-607-9350-05-5 cCHAP aC 630.972 M495 2015 aMéxico. SAGARPA.bServicio de Información Agroalimentaria y Pesca aAtlas agroalimentario 2015 /c SAGARPA, Servicio de Información Agroalimentaria y Pesca aMéxico :b SIAP. SAGARPA,c2015 a216 p. aD. aMéxicoxAgriculturaxAtlas  aMéxicoxAgriculturexAtlases aI.Servicio de Información Agroalimentaria y Pesca (SIAP) \ II.Secretaría de Agricultura, Ganadería, Desarollo Rural, Pesca y Alimentación (SAGARPA)